| 000 | 00348nam a2200133Ia 4500 | ||
|---|---|---|---|
| 008 | 240624s9999 xx 000 0 und d | ||
| 041 | _aeng | ||
| 082 | _a339.52 TAN | ||
| 100 | _aTANZI VITO | ||
| 245 | _aDOLLARS EUROS AND DEBT HOW WE GOT INTO T | ||
| 260 |
_c2013 _aLondon _bPalgrave Macmillan |
||
| 300 | _aix, 189 p.; 23 cm. | ||
| 365 |
_cERU _b33 |
||
| 999 |
_c32183 _d32183 |
||